Recaudar más (Registro nro. 18167)

Detalles MARC
000 -LEADER
fixed length control field 00333 a2200121 4500
001 - CONTROL NUMBER
control field ART_12979
005 - DATE AND TIME OF LATEST TRANSACTION
control field 20260410161734.0
008 - FIXED-LENGTH DATA ELEMENTS--GENERAL INFORMATION
fixed length control field 260409a
100 1# - MAIN ENTRY--PERSONAL NAME
Personal name Llanos, Eduardo
245 10 - TITLE STATEMENT
Title Recaudar más
700 1# - ADDED ENTRY--PERSONAL NAME
Personal name Tomá, Pascual R.
773 0# - HOST ITEM ENTRY
Title Ejecutivos de finanzas
Related parts - Año 8, Nº 75 (may. 1991)
Record control number REV2863

No hay ítems disponibles.